Perdants en finale de coupe du monde de football - Statistiques

Statistiques générales
  • Ce quiz a été pris 140 fois
  • Le résultat moyen est 19 sur 22
Statistiques - réponses
Hint Réponse % Correct
1998 vs. France Brésil
100%
1950 vs. Uruguay Brésil
100%
2018 vs. France Croatie
100%
2022 vs. Argentine France
100%
2006 vs. Italie France
100%
2014 vs. Allemagne Argentine
99%
1990 vs. RFA Argentine
99%
1930 vs. Uruguay Argentine
99%
1994 vs. Brésil Italie
96%
1970 vs. Brésil Italie
96%
1986 vs. Argentine RFA
96%
1982 vs. Italie RFA
96%
1966 vs. Angleterre RFA
96%
2002 vs. Brésil Allemagne
95%
2010 vs. Espagne Pays-bas
94%
1978 vs. Argentine Pays-bas
94%
1974 vs. RFA Pays-bas
94%
1958 vs. Brésil Suède
74%
1954 vs. RFA Hongrie
57%
1938 vs. Italie Hongrie
57%
1962 vs. Brésil Tchécoslovaquie
48%
1934 vs. Italie Tchécoslovaquie
48%
Aucun quiz correspondant
Distribution des résultats
% des personnes avec chaque résultat
Percentile par nombre de réponses
Votre historique - résultats
Vous n’avez pas pris ce quiz